000 00607nam a2200205 a 4500
001 982042
003 OSt
005 20140721103911.0
008 880830s1985 es a f000 0 spa
040 _aDLC
_cBMC
082 _a972.8433
100 1 _aAmaya Amaya, Miguel Angel
_99405
245 1 0 _aHistorias de Cacaopera
_cMiguel Angel Amaya Amaya
250 _a1ª ed
260 _aSan Salvador
_bMinisterio de Educación, Dirección de Publicaciones
_c1985
300 _a205 p.
_bil.
_c24 cm
651 4 _99591
_aCacaopera (El Salvador)
_xDescripción
740 0 _aHistoria de Cacaopera.
942 _2ddc
_cBK
999 _c4290
_d4290